Canadian Provinces and Territories in a Maple Leaf of the Map - Statistics

General Stats
  • This quiz has been taken 38 times
  • The average score is 5 of 6
Answers on the Map
Answers color-coded by a green-red scale on the quiz's map according to % correct below.
 
Answer Stats
Province or Territory % Correct
Ontario
100%
Quebec
100%
Newfoundland and Labrador
92%
Nunavut
83%
Nova Scotia
75%
Prince Edward Island
75%
No matching quizzes found
Score Distribution
Percent of People with Each Score
Percentile by Number Answered
Your Score History
You have not taken this quiz